La cena con el tío Enrique (Registro nro. 347)

Detalles MARC
000 -CABECERA
Longitud fija campo de control 01455nam a2200313Ia 4500
005 - • FECHA Y HORA DE LA ÚLTIMA TRANSACCIÓN
Fecha y hora de la última transacción 20220316235237.0
008 - • CÓDIGOS DE INFORMACIÓN DE LONGITUD FIJA
Códigos de información de longitud fija 121119s1999 mx a gr 000 j spa
020 ## - • NÚMERO INTERNACIONAL NORMALIZADO PARA LIBROS
Número Internacional Normalizado para Libros (ISBN) 9681634921
041 1# - • CÓDIGO DE LENGUA
Código de lengua del texto/banda sonora o título independiente spa
040 ## - FUENTE DE LA CATALOGACIÓN
Centro catalogador de origen CO-BoRNBP
Lengua de catalogación spa
Normas de descripción rda
Centro transcriptor CO-BoRNBP
084 ## - • Clasificación Local Alfanúmerica PNLB
Número de clasificación C FRO1
100 1# - • PUNTO DE ACCESO PRINCIPAL-NOMBRE DE PERSONA
Nombre de persona Froissart, Benedicte,
245 13 - • TITULO PROPIAMENTE DICHO
Título La cena con el tío Enrique
Mención de responsabilidad, etc. texto de Benedicte Froissart ; ilustraciones de Pierre Pratt ; traducción de Francisco Segovia
250 ## - • MENCIÓN DE EDICIÓN
Mención de edición 1a. edición
Resto de la mención de edición 6a. reimpresión
264 #1 - PRODUCCIÓN, PUBLICACIÓN , DISTRIBUCIÓN, FABRICACIÓN Y COPYRIGHT
Lugar de producción, publicación, distribución, fabricación México
Nombre del productor, editor, distribuidor, fabricante Fondo de Cultura Económica
Fecha de de producción, publicación, distribución, fabricación o copyright 1999
300 ## - • DESCRIPCIÓN FÍSICA
Extensión [30] páginas sin enumerar
Otras características físicas ilustraciones a color
Dimensiones 22 cm.
336 ## - TIPO DE CONTENIDO
Término de tipo de contenido texto
Código de tipo de contenido txt
Fuente rdacontent
337 ## - TIPO DE MEDIO
Nombre del tipo de medio sin mediación
Código del tipo de medio n
Fuente rdamedia
338 ## - TIPO DE SOPORTE
Nombre del tipo de soporte volumen
Código del tipo de soporte nc
Fuente rdacarrier
490 ## - • MENCIÓN DE SERIE
Mención de serie A la orilla del viento
520 ## - • NOTA DE RESUMEN
Resumen, etc, Me quedo mirando al tío Enrique y alcanzo a ver que la gallina bate enérgicamente las alas sobre uno de sus hombros. Mi hermano también la ve. Se le queda mirando y me susurra: Ve por ella. Yo ni me muevo. Él se impacienta, se levanta y se lanza sobre ella gritando: ¡Al ataque! y la camica del tío Enrique comienza a inflarse.
650 14 - • PUNTO DE ACCESO ADICIONAL DE MATERIA - TÉRMINO DE MATERIA
Fuente del encabezamiento o término LEMB
Término de materia o nombre geográfico como elemento inicial Cuentos infantiles franceses
Subdivisión cronológica Siglo XX
650 14 - • PUNTO DE ACCESO ADICIONAL DE MATERIA - TÉRMINO DE MATERIA
Fuente del encabezamiento o término LEMB
Término de materia o nombre geográfico como elemento inicial Literatura infantil francesa
Subdivisión cronológica Siglo XX
650 14 - • PUNTO DE ACCESO ADICIONAL DE MATERIA - TÉRMINO DE MATERIA
Fuente del encabezamiento o término LEMB
Término de materia o nombre geográfico como elemento inicial Comidas
Subdivisión de forma Cuentos
650 14 - • PUNTO DE ACCESO ADICIONAL DE MATERIA - TÉRMINO DE MATERIA
Fuente del encabezamiento o término LEMB
Término de materia o nombre geográfico como elemento inicial Banquetes
Subdivisión de forma Cuentos
700 1# - • PUNTO DE ACCESO ADICIONAL - NOMBRE DE PERSONA
Nombre de persona Pratt, Pierre
Término indicativo de función ilustrador
700 1# - • PUNTO DE ACCESO ADICIONAL - NOMBRE DE PERSONA
Nombre de persona Segovia, Francisco
Término indicativo de función traductor
942 ## - ENTRADA DE ELEMENTOS AGREGADOS (KOHA)
Fuente de clasificaión o esquema
Koha [por defecto] tipo de item Libro Literatura
Existencias
Perdido Estado Físico No para préstamo Forma de adquisición Localización permanente Localización actual Localización en estanterías Fecha adquisición Signatura completa Código de barras Fecha última consulta Número de copia Fecha del precio de reemplazo Tipo de item de Koha Note pública Fuente de clasificación o esquema Préstamos totales
      Infantil Biblioteca Pública Puerto Lleras Biblioteca Pública Puerto Lleras Literatura 10/10/2025 C FRO1 PLL02471 10/10/2025 Ej.1 10/10/2025 Libro Infantil   Dewey Decimal Classification  
      Colección Sala Infantil de Literatura Pocatil y Tilín Biblioteca Pública Departamental Eduardo Carranza - Villavicencio Biblioteca Pública Departamental Eduardo Carranza - Villavicencio Sala Infantil 08/03/2004 C FRO1 ECA15668 11/25/2024 Ej.1 11/25/2024 LIbro 179 | 204    









Instituto Departamental de Cultura del Meta - Red Departamental de Bibliotecas Públicas del Meta.